00852nam a22002411a 450000500170000000800410001702000090005804000260006705000200009308200200011310000330013324500440016626000480021030000220025850001430028060000360042360000260045960000270048560000460051270000460055885200030060485200030060720110718133350.0091005s1992 001 0 eng d c0.00 aNEGST Library - Kenya 4aBS 325.D36 19920 aBS 325.D36 19921 aInternational Bible Society.10aNao -se 'o go atanna "piu : -a 'seedhe. aAbidjan :bSociete Biblique Interna,c1992. avi, 824 p. : ill. a"Le Nouveau Testament en dan 'gweetaawu (yacouba) de Cote d'Ivoire." - T.p. verso. Cover title: Nao -se 'seedhe. Includes maps. [Africana]10aBible - Dan Gweetaawu (Yacouba)10aDan language - Texts.10aBible. N.T. Dan. 1992.10aBible. N.T. Dan Gweetaawu (Yacouba). 199.1 aAssociation Ivoirienne pour la Traductio.